Երիտասարդ Վերթերի տառապանքները : (Record no. 6996)
[ view plain ]
| 000 -LEADER | |
|---|---|
| fixed length control field | 00918nam a2200217 a 4500 |
| 001 - CONTROL NUMBER | |
| control field | 000019824 |
| 003 - CONTROL NUMBER IDENTIFIER | |
| control field | AM-YEHGA |
| 005 - DATE AND TIME OF LATEST TRANSACTION | |
| control field | 20250618070815.0 |
| 008 - FIXED-LENGTH DATA ELEMENTS--GENERAL INFORMATION | |
| fixed length control field | 981204s1981 ai ||||gr|||||||||1|arm|d |
| 040 ## - CATALOGING SOURCE | |
| Original cataloging agency | AM-YeHGA |
| 041 1# - LANGUAGE CODE | |
| Language code of text/sound track or separate title | arm |
| Language code of original | ger |
| 090 ## - LOCALLY ASSIGNED LC-TYPE CALL NUMBER (OCLC); LOCAL CALL NUMBER (RLIN) | |
| -- | 7040 |
| 100 1# - MAIN ENTRY--PERSONAL NAME | |
| Personal name | Գյոթե, Յոհան Վոլֆգանգ ֆոն, |
| Dates associated with a name | 1749-1832 |
| 9 (RLIN) | 4141 |
| 245 10 - TITLE STATEMENT | |
| Title | Երիտասարդ Վերթերի տառապանքները : |
| Remainder of title | [Վեպ] / |
| Statement of responsibility, etc. | Վ. Գյոթե ; Գերմ. թարգմ.՝ Լ. Տեր-Մինասյան ; Խմբ.՝ Լ. Սարգսյան. |
| 260 ## - PUBLICATION, DISTRIBUTION, ETC. | |
| Place of publication, distribution, etc. | Երևան : |
| Name of publisher, distributor, etc. | Սովետական գրող, |
| Date of publication, distribution, etc. | 1981. |
| 300 ## - PHYSICAL DESCRIPTION | |
| Extent | 240 էջ ; |
| Dimensions | 17 սմ. |
| 650 14 - SUBJECT ADDED ENTRY--TOPICAL TERM | |
| Topical term or geographic name entry element | Գերմանական գրականություն |
| 9 (RLIN) | 5149 |
| 700 1# - ADDED ENTRY--PERSONAL NAME | |
| Personal name | Տեր-Մինասյան, Լիլի Երվանդի, |
| Dates associated with a name | 1921-1998 |
| Relator term | թարգմ. |
| Relationship | trl |
| 9 (RLIN) | 2832 |
| 700 1# - ADDED ENTRY--PERSONAL NAME | |
| Personal name | Սարգսյան, Լիպարիտ Տիգրանի, |
| Relator term | խմբ. |
| Relationship | edt |
| Dates associated with a name | 1938-2023 |
| 9 (RLIN) | 1060 |
| 942 ## - ADDED ENTRY ELEMENTS (KOHA) | |
| Koha item type | Գրքեր / Books |
| Source of classification or shelving scheme | Universal Decimal Classification |
| Withdrawn status | Lost status | Damaged status | Not for loan | Collection | Home library | Current library | Date acquired | Total checkouts | Full call number | Barcode | Date last seen | Cost, replacement price | Price effective from | Koha item type | Public note |
|---|---|---|---|---|---|---|---|---|---|---|---|---|---|---|---|
| General | Fundamental Scientific Library | Fundamental Scientific Library | 21/12/2016 | AI/16668 | FL0058576 | 21/12/2016 | 40.00 | 21/12/2016 | Գրքեր / Books | 30 Days Loan | |||||
| General | Fundamental Scientific Library | Fundamental Scientific Library | 21/12/2016 | AI/16669 | FL0058577 | 21/12/2016 | 40.00 | 21/12/2016 | Գրքեր / Books | 30 Days Loan | |||||
| General | Fundamental Scientific Library | Fundamental Scientific Library | 21/12/2016 | AI/16709 | FL0058579 | 21/12/2016 | 40.00 | 21/12/2016 | Գրքեր / Books | 30 Days Loan |
ՀՀ Գիտությունների ազգային ակադեմիայի հիմնարար գիտական գրադարան = Fundamental Scientific Library of NAS RA
All site content, except where otherwise noted, is licensed under a